00483nam a2200121Ia 4500008004100000020001800041100001900059245005000078260003900128650013800167650001200305856004400317171212s9999 xx 000 0 und d a9780874211979 aGould, William cGould, WilliamaMy Life On Mountain Railroads bUniversity Press of Coloradoc1995 aGould, William John Gilbert, 1888–1961; Mountain railroads -- Utah -- History; Mountain railroads -- Utah -- Employees -- Biography aHistory uhttp://www.jstor.org/stable/j.ctt46nx2h